| 000 | 00679nam a2200241Ia 4500 | ||
|---|---|---|---|
| 003 | BUBTL | ||
| 008 | 151213s9999 xx 000 0 und d | ||
| 020 | _a9848241000 | ||
| 041 | _aEnglish | ||
| 082 | _a341/ Si76g/ 1997 | ||
| 100 |
_aSircar, Muhammad Jamiruddin _95866 |
||
| 245 |
_aGlimpses of International Law/ _cMuhammad Jamiruddin Sircar |
||
| 250 | _a1st | ||
| 260 |
_aBngladesh _bFrom International _cc1997 |
||
| 300 |
_a[xv], 249p . : _b22 cm. |
||
| 500 | _aIncludes Index. | ||
| 650 |
_aLaw _93960 |
||
| 650 |
_a _95867 |
||
| 700 |
_aMuhammad Jamiruddin Sircar _93957 |
||
| 856 |
_k0 _l0 _yDownload |
||
| 942 |
_2ddc _cBK |
||
| 999 |
_c3441 _d3441 |
||